000 00864nam a22002057a 4500
005 20240527153949.0
010 _aHIN-127730
020 _c1000.00
_a9789394928800
035 _aHN-100076
037 _bDBAD
082 _a170
100 _aश्रीचन्दानी, सुरेश कुमार
_966953
245 _aमानवता वरण/
_c सुरेश कुमार श्रीचन्दानी
260 _aअजमेर
_bपदमकान्ता प्रकाशन
_c2021
270 _a403/16,ठठेरा चौक
_bअजमेर
_e305001
300 _a105पृ.
_c22सेमी.(आजिल्द)
650 _aहिन्दी
_966954
700 _aश्रीचन्दानी, सुरेश कुमार
_966789
942 _2ddc
_cHN
_h170
_mश्रीचन्दा
999 _c203290
_d203290